000 00639nam a2200217Ii 4500
003 JO-AjNU
008 230606s9999||||xx |||||||||||||| ||und||
020 _a0-13-114372-6
040 _aJO-AjNU
_beng
_erda
_cJO-AjNU
041 _aeng
050 1 4 _aHG4028.C4 1986
100 3 _aLevy, Haim, Marshall Sarnat,
_eauthor
_96783
245 0 0 _aCapital investment and Financial Decisions
250 _a3rd ed
264 3 1 _aLondon: prentice Hall ,1986
300 _a702p
336 _atext
_btxt
_2rdacontent
337 _aunmediated
_bn
_2rdamedia
338 _avolume
_bnc
_2rdacarrier
650 4 _aCapital investment-Decision making
_96784
999 _aE3533
_c3516
_d3516